000 00418nam a2200145Ia 4500
008 100204s9999 xx 000 0 und d
082 _b10787
100 _aनाईक गुरुनाथ
245 _aसुंदरी
260 _b"पूजा प्रकाशन , मुंबई 14"
_c1988
300 _a150
630 _aसुंदरी
730 _aसुंदरी
942 _cBOOK
999 _c455223
_d455220